| 000 | 00846nmm a2200313 a 4500 | ||
|---|---|---|---|
| 003 | AR-BaBNM | ||
| 005 | 20251128205744.0 | ||
| 008 | 148019s1997 ||||||||||||||000 | spa|| | ||
| 020 | _a950-43-8149-7 | ||
| 040 | _cAR-BaBNM | ||
| 100 | 1 | _aParada, Jorge A. | |
| 245 | 1 | 0 |
_aEl angel diestro _bpedagógico |
| 250 | _a3ª ed. | ||
| 260 |
_aBuenos Aires _bCyber Books _c1997 |
||
| 300 |
_a74 p. _bil. |
||
| 500 | _aLas ilustraciones de la presente obra pertenecen al autor | ||
| 650 | 4 | _aLITERATURA INFANTIL | |
| 650 | 4 | _aLIBROS PARA NINOS | |
| 650 | 4 | _aEDUCACION ESPECIAL | |
| 650 | 4 | _aHISTORIAS DE AMOR | |
| 650 | 4 | _aMEDIO FAMILIAR | |
| 650 | 4 | _aIGUALDAD DE EDUCACION | |
| 650 | 4 | _aACTIVIDADES DE APRENDIZAJE | |
| 653 | _aNARRATIVA | ||
| 653 | _aCUENTO MARAVILLOSO | ||
| 655 | _aLITERATURA | ||
| 942 | _cBK | ||
| 998 | _cMARTIN | ||
| 999 |
_c12689 _d12689 |
||